Čierne srdce román

Bibliographic Details
Main Author: Haggard, H. Rider (Henry Rider), 1856-1925 (Author)
Format: Book
Language:Slovak
English
PhysicalDescription:76 s.
Published: Bratislava [Slovenská Grafia] 1940
Subjects:

MARC

LEADER 00000nam a2200000 a 4500
001 vtls009630252
003 SK-MaSNL
005 20260301025043.0
008 240318s1940 xo 000 0 slo
040 |a SNK  |b slo  |c SNK  |e AACR2 
041 1 |a slo  |h eng 
044 |a xo  |c SK 
100 1 |a Haggard, H. Rider  |q (Henry Rider),  |d 1856-1925  |4 aut  |9 54246 
245 1 0 |a Čierne srdce  |b román  |c Henry Haggard 
260 |a Bratislava  |b [Slovenská Grafia]  |c 1940 
300 |a 76 s. 
655 7 |a anglické romány  |2 SNKPH  |9 70428 
999 |c 572261  |d 574191 
952 |a SNK  |b SNK  |y PREZ  |7 0  |p 17A0621296  |o snkSD 17747  |i snkKSF 2241/59  |8 5  |3 rekatalogizácia  |0 0  |1 0  |4 0  |d 2009-07-22  |l 0  |r 2025-12-02 00:00:00  |w 2026-02-23